000 00199nam a2200085Ia 4500
008 120527s9999 xx 000 0 und d
100 _aRenzeth & Garren
245 _aWomen, men and society
942 _cBK
999 _c27407
_d27407